3 Biggest Cities in each Region of Lebanon - Statistics

General Stats
  • This quiz has been taken 22 times
  • The average score is 10 of 25
Answer Stats
Region + Rank Population City % Correct
Beirut 1 2,722,391 Beirut
100%
Keserwan-Jbeil 1 183,604 Jounieh
94%
North 1 517,338 Tripoli
89%
South 1 203,238 Sidon
83%
South 2 138,170 Tyre
83%
Nabatieh 1 135,097 Nabatieh
78%
Beqaa 1 114,013 Zahlé
78%
Baalbek-Hermel 1 153,074 Baalbek
67%
Baalbek-Hermel 3 25,707 Hermel
61%
Keserwan-Jbeil 2 63,749 Byblos
56%
Nabatieh 2 32,055 Bint Jbeil
33%
Aakkar 2 23,329 Halba
33%
Mount Lebanon 1 228,913 Bourj Hammoud
22%
Mount Lebanon 2 180,470 Jdeideh
22%
Mount Lebanon 3 164,022 Haret Hreik
17%
North 2 112,116 Mina
17%
Baalbek-Hermel 2 36,990 Aarsal
6%
Beqaa 2 42,145 Bar Elias
6%
North 3 87,123 Beddaoui
6%
South 3 64,210 Borj El Chmali
6%
Aakkar 3 14,558 Fnaidek
6%
Nabatieh 3 21,160 Kfar Sir
6%
Keserwan-Jbeil 3 28,131 Kfar Yassine
6%
Aakkar 1 58,156 Mahmra
6%
Beqaa 3 39,934 Rayaq
6%
No matching quizzes found
Score Distribution
Percent of People with Each Score
Percentile by Number Answered
Your Score History
You have not taken this quiz